000 01012nam0a22002771 4500
001 rc\4137074
005 20250611104105.0
021 _aRU
_b[55-7304ж]
035 _a(NLR Aleph) 008160990
090 _a7799022
_c7799022
100 _a20130415d1955 |||y0rusy50 ca
101 0 _arus
102 _aRU
105 _aa z |||||
200 1 _aРадиофизика
_e[Сборник статей
_fРед. канд. техн. наук доц. А.Н. Цикин]
210 _aМосква
_aЛенинград
_cГосэнергоиздат
_d1955
215 _a216 с.
_cил.
_d26
225 1 _aЛенинградский политехнический институт имени М.И. Калинина. Труды ЛПИ
_v№ 181
320 _aБиблиогр. в конце статей
606 _aРадиофизика
_jСборники
_2psbo
702 1 _aЦикин
_bА.Н.
_4340
801 0 _aRU
_bNLR
_gpsbo
801 1 _aRU
_bELAR
_2rusmarc
852 _aNLR
_jП10/618
942 _cBOOK
980 _aNB